000 00331nam a22001097a 4500
008 230607b xxu||||| |||| 00| 0 eng d
082 _a960.05
_bJAS
245 _aAfrican Affairs
_bThe journal of the Royal African Society
_cOxford University Press
260 _aUSA
_bOxford University Press
_cVolume
300 _avolume
942 _2ddc
_cBK
999 _c749
_d749